[Event "Twente Young Master op-B"]
[Site "Twente"]
[Date "2007.08.07"]
[Round "3"]
[White "Glasbeek, Paul"]
[Black "Slotboom, Teus"]
[Result "0-1"]
[WhiteElo "1202"]
[BlackElo "1668"]
[PlyCount "58"]
[EventDate "2007.08.06"]
[EventType "swiss"]
[EventRounds "9"]
[EventCountry "NED"]
[SourceTitle "EXT 2008"]
[Source "ChessBase"]
[SourceDate "2007.11.25"]
[SourceVersion "1"]
[SourceVersionDate "2007.11.25"]
[SourceQuality "1"]

1. e4 e5 2. Nf3 d6 3. d4 exd4 4. Nxd4 Nf6 5. Nc3 Nbd7 6. Bc4 Nc5 7. Bg5 Be7 8. Qe2 Bd7 9. 0-0 h6 10. Bh4 a6 11. a4 0-0 12. b4 Ne6 13. Nxe6 Bxe6 14. Bg3 Qd7 15. Nd5 Nxd5 16. Bxd5 Bf6 17. Ra2 Bxd5 18. exd5 Qf5 19. c4 Rfe8 20. Qc2 Qg4 21. f3 Bd4+ 22. Kh1 Qh5 23. Qd3 Bb6 24. Bf2 Bxf2 25. Rfxf2 Re1+ 26. Rf1 Rae8 27. Ra1 R1e2 28. Qc3 Qh4 29. b5 Rxg2 0-1